Founding Fathers OAU - Statistics

General Stats
  • This quiz has been taken 3 times
  • The average score is 19 of 32
Answer Stats
President Country % Correct
Ben Bella Algeria
100%
Maurice Yameogo Burkina Faso
67%
Ahamadou Ahidjo Cameroon
67%
Francois Tombalbaye Chad
67%
Gamel Abdel Nasser Egypt
67%
Haile Selassie I Ethiopia
67%
Leon M'Ba Gabon
67%
Kwame Nkurumah Ghana
67%
Sekou Toure Guinea
67%
Houphouet Boigny Ivory Coast
67%
Jomo Kenyatta Kenya
67%
William V.S. Tubman Liberia
67%
Idris I Libya
67%
Philibert Tsiranana Madagascar
67%
Modibo Keita Mali
67%
Mokhtar Daddah Mauritania
67%
Hassan II Morocco
67%
Nnamdi Azikiwe Nigeria
67%
Leopold Senghor Senegal
67%
Milton Margai Sierra Leone
67%
Julius Nyerere Tanzania
67%
Sylvanus Olympio Togo
67%
Habib Bourguiba Tunisia
67%
Milton Obote Uganda
67%
Hubert Maga Benin
33%
Mwami Mwambusta IV Burundi
33%
David Dacko Central African Republic
33%
Hamani Diori Niger
33%
Fulbert Youlou Republic of Congo
33%
Groire Kayibanda Rwanda
33%
Abdella Osman Somalia
33%
Farik Abboud Sudan
33%
No matching quizzes found
Score Distribution
Percent of People with Each Score
Percentile by Number Answered
Your Score History
You have not taken this quiz